| 000 | 00402nam a2200133Ia 4500 | ||
|---|---|---|---|
| 005 | 20260328104327.0 | ||
| 008 | 260328s9999||||xx |||||||||||||| ||und|| | ||
| 100 | _aComité Nacional Mexicana del Icomos | ||
| 245 | 0 |
_aConservación del Patrimonio monumental.Quince Años de experiencias / _cComité Nacional Mexicana del Icomos |
|
| 260 | _bINAH | ||
| 300 | _a111 p. | ||
| 650 | _aMEXICO | ||
| 942 | _cBK | ||
| 999 |
_c11556 _d11556 |
||